Geometría: Grado elemental

Guardado en:
Detalles Bibliográficos
Autor principal: Puig, J.B. Autor
Formato: Desconocido
Lenguaje:español
Publicado: Gerona Dalmáu Carles 1917
Edición:
Catálogo:MANES:  Resultados de Búsqueda del Catálogo
Clasificación de libros de texto:
Etiquetas: Agregar Etiqueta
Sin Etiquetas, Sea el primero en etiquetar este registro!
Añadido a:2016-04-26

MARC

LEADER 000000000a22000000004500
001 17674
003 OSt
008 160427s sp ||||| |||| 00| 0 spa d
041 1 |a spa 
040 |c centro_manes 
691 7 |a PRI 
100 1 |a Puig, J.B.  |b Autor  |9 12662 
245 0 0 |a Geometría: Grado elemental 
250 |a 5º 
260 3 |a Gerona  |b Dalmáu Carles  |c 1917 
300 |a 145p  |c 19 * 12 cm 
500 |a ILUSTRACIONES: Contiene bastantes dibujos en blanco y negro. ENCUADERNACIÓN: Cartoné. DESCRIPCIÓN CONTENIDO: Libro de texto. Geometría. PALABRAS CLAVE: Geometría. NéMERO EJEMPLARES: 1. Nº TOPOGRÁFICO: 2152. CONSERVACIÓN: Regular. Tapas despegadas. 
690 0 |a MATE 
942 |2 ddc  |c BK 
546 |a España 
999 |c 23643  |d 23643 
999 |c manes:23643  |d 23643